000 00238nam a22001097a 4500
008 160519b xxu||||| |||| 00| 0 eng d
020 _a0878575545
041 _aeng
080 _a61
245 _aHigh energy living:
_cHig;
942 _2udc
_cBK
999 _c2218
_d2218